[Event "SCO-ch 124th"]
[Site "Dundee"]
[Date "2017.07.18"]
[Round "4"]
[White "Le Duigou, Goulven"]
[Black "Orr, Mark JL"]
[Result "0-1"]
[WhiteElo "1916"]
[BlackElo "2140"]
[PlyCount "74"]
[EventDate "2017.07.15"]
[EventType "swiss"]
[EventRounds "9"]
[EventCountry "SCO"]
[SourceTitle "CBM 179 Extra"]
[Source "ChessBase"]
[SourceDate "2017.08.23"]
[SourceVersion "1"]
[SourceVersionDate "2017.08.23"]
[SourceQuality "1"]

1. e4 c6 2. d4 d5 3. Nc3 dxe4 4. Nxe4 Bf5 5. Ng3 Bg6 6. Nh3 e6 7. Nf4 Bd6 8. Nfh5 Kf8 9. Bf4 Bxh5 10. Bxd6+ Qxd6 11. Nxh5 Qb4+ 12. Qd2 Qxb2 13. Rd1 Nd7 14. Bc4 Ngf6 15. Nxf6 Nxf6 16. 0-0 Rd8 17. Qa5 Qb6 18. Qa3+ Kg8 19. c3 a6 20. Rfe1 Re8 21. Qd6 Rd8 22. Qe5 Rd7 23. Rd3 Qc7 24. Qe2 b5 25. Bb3 Nd5 26. Rf3 g6 27. h4 h5 28. c4 bxc4 29. Bxc4 a5 30. Qe4 Kg7 31. Rg3 Nf6 32. Qe3 Ng4 33. Qc3 Kh7 34. Re4 Rhd8 35. Rd3 Qh2+ 36. Kf1 Qxh4 37. Rg3 Nh2+ 0-1

[Event "Liffre op"]
[Site "Liffre"]
[Date "2016.10.25"]
[Round "5"]
[White "Le Duigou, Goulven"]
[Black "Ojas, Kulkarni"]
[Result "0-1"]
[WhiteElo "1874"]
[BlackElo "2405"]
[PlyCount "30"]
[EventDate "2016.10.22"]
[EventType "swiss"]
[EventRounds "9"]
[EventCountry "FRA"]
[SourceTitle "CBM 175 Extra"]
[Source "ChessBase"]
[SourceDate "2016.12.12"]
[SourceVersion "1"]
[SourceVersionDate "2016.12.12"]
[SourceQuality "1"]

1. e4 Nf6 2. Nc3 d5 3. exd5 Nxd5 4. d4 c6 5. Nge2 Bf5 6. Nxd5 cxd5 7. c4 dxc4 8. Qa4+ Nc6 9. Qxc4 e6 10. a3 Rc8 11. b4 a6 12. Qb3 Nxd4 13. Nxd4 Qxd4 14. Bb2 Qe4+ 15. Be2 Rc2 0-1

[Event "Rennes op 7th"]
[Site "Rennes"]
[Date "2014.07.07"]
[Round "4"]
[White "Capitaine, Mathieu"]
[Black "Le Duigou, Goulven"]
[Result "1-0"]
[WhiteElo "2001"]
[BlackElo "1873"]
[PlyCount "51"]
[EventDate "2014.07.05"]
[EventType "swiss"]
[EventRounds "9"]
[EventCountry "FRA"]
[SourceTitle "CBM 161 Extra"]
[Source "ChessBase"]
[SourceDate "2014.08.29"]
[SourceVersion "1"]
[SourceVersionDate "2014.08.29"]
[SourceQuality "1"]

1. e4 e5 2. Nf3 Nc6 3. Bc4 Nf6 4. d3 Be7 5. Nbd2 d6 6. c3 0-0 7. 0-0 Bg4 8. h3 Bh5 9. Re1 Na5 10. Bb5 a6 11. Ba4 b5 12. Bc2 c5 13. Nf1 Nd7 14. Ne3 Nc6 15. Nf5 f6 16. Be3 Bf7 17. N3h4 Re8 18. Qg4 g5 19. Nh6+ Kf8 20. Qf5 Bg8 21. Bxg5 Kg7 22. Bd2 Nf8 23. Re3 Be6 24. Rg3+ Kh8 25. Qxe6 Nxe6 26. Nf7# 1-0

[Event "Quimper op 1st"]
[Site "Quimper"]
[Date "2010.10.31"]
[Round "5"]
[White "Bertrand, Benjamin"]
[Black "Le Duigou, Goulven"]
[Result "0-1"]
[WhiteElo "1656"]
[BlackElo "1809"]
[PlyCount "42"]
[EventDate "2010.10.30"]
[EventType "swiss"]
[EventRounds "7"]
[EventCountry "FRA"]
[SourceTitle "EXT 2012"]
[Source "ChessBase"]
[SourceDate "2011.11.24"]
[SourceVersion "1"]
[SourceVersionDate "2011.11.24"]
[SourceQuality "1"]

1. d4 e6 2. e4 d5 3. Nc3 c5 4. exd5 exd5 5. dxc5 d4 6. Bb5+ Nc6 7. Nce2 Qa5+ 8. c3 Qxb5 9. cxd4 Qb4+ 10. Bd2 Qxb2 11. Bc3 Qa3 12. h3 Bf5 13. Nf3 Nf6 14. 0-0 Nd5 15. Re1 Be7 16. Qd2 0-0 17. Bb2 Qa5 18. Bc3 Nxc3 19. Nxc3 Bf6 20. Rac1 Rfe8 21. Rxe8+ Rxe8 0-1

[Event "Quimper op 1st"]
[Site "Quimper"]
[Date "2010.10.31"]
[Round "3"]
[White "Le Duigou, Goulven"]
[Black "Bertrand, Nicolas"]
[Result "1/2-1/2"]
[WhiteElo "1809"]
[BlackElo "1958"]
[PlyCount "135"]
[EventDate "2010.10.30"]
[EventType "swiss"]
[EventRounds "7"]
[EventCountry "FRA"]
[SourceTitle "EXT 2012"]
[Source "ChessBase"]
[SourceDate "2011.11.24"]
[SourceVersion "1"]
[SourceVersionDate "2011.11.24"]
[SourceQuality "1"]

1. e4 Nf6 2. Nc3 d5 3. exd5 Nxd5 4. d4 c6 5. Nf3 Bf5 6. Bc4 e6 7. 0-0 Be7 8. Re1 0-0 9. Ne5 Nd7 10. f4 Nxe5 11. fxe5 Nb6 12. Bb3 c5 13. dxc5 Bxc5+ 14. Be3 Bxe3+ 15. Rxe3 Qxd1+ 16. Rxd1 Rfd8 17. Rxd8+ Rxd8 18. Kf2 Nc8 19. Ke2 a6 20. h3 Ne7 21. Ne4 Nd5 22. Bxd5 Rxd5 23. Nd6 b5 24. c4 bxc4 25. Nxc4 h6 26. g4 Bb1 27. a3 Kf8 28. Kf3 Ba2 29. b3 Ke7 30. Ke2 Bb1 31. Rc3 Bg6 32. Ke3 f6 33. exf6+ gxf6 34. Nb6 Rb5 35. Nc4 h5 36. a4 Rd5 37. Nb6 Re5+ 38. Kf4 Re4+ 39. Kf3 hxg4+ 40. hxg4 Rb4 41. a5 Rb5 42. Rc7+ Kd6 43. Rc3 e5 44. Ke2 Bf7 45. Rf3 Ke7 46. Nc8+ Ke6 47. Rc3 Rxa5 48. Rc6+ Kd7 49. Rxf6 Bxb3 50. Nd6 Be6 51. Ne4 Bxg4+ 52. Ke3 Ra3+ 53. Kf2 Ke7 54. Rb6 Bf5 55. Rb7+ Ke6 56. Nd2 a5 57. Rb5 Bd3 58. Rb2 Kd5 59. Ke3 Bc4+ 60. Kf2 Ra2 61. Nxc4 Rxb2+ 62. Nxb2 Kd4 63. Na4 Kc4 64. Ke3 Kb4 65. Nb6 Kb5 66. Nd5 Kc5 67. Nc3 Kc4 68. Na4 1/2-1/2

[Event "Fouesnant op 14th"]
[Site "Fouesnant"]
[Date "2008.10.31"]
[Round "8"]
[White "Bertrand, Nicolas"]
[Black "Le Duigou, Goulven"]
[Result "0-1"]
[WhiteElo "1934"]
[BlackElo "1842"]
[PlyCount "45"]
[EventDate "2008.10.25"]
[EventType "swiss"]
[EventRounds "9"]
[EventCountry "FRA"]
[SourceTitle "EXT 2009"]
[Source "ChessBase"]
[SourceDate "2008.11.26"]
[SourceVersion "1"]
[SourceVersionDate "2008.11.26"]
[SourceQuality "1"]

1. e4 e5 2. Nf3 Nc6 3. Bb5 Nf6 4. 0-0 d6 5. Re1 a6 6. Ba4 Bg4 7. c3 b5 8. Bb3 Na5 9. Bc2 c5 10. h3 Bh5 11. d4 cxd4 12. cxd4 Nc6 13. g4 Nxg4 14. hxg4 Bxg4 15. dxe5 Nxe5 16. Nbd2 Rc8 17. Bb3 Qf6 18. Kg2 Nd3 19. Rh1 Rc5 20. Bd5 Qg6 21. Qb3 Bh3+ 22. Kxh3 Nf4+ 23. Kh4 0-1

[Event "Fouesnant op 13th"]
[Site "Fouesnant"]
[Date "2007.11.03"]
[Round "9"]
[White "Roche, Yves"]
[Black "Le Duigou, Goulven"]
[Result "1-0"]
[WhiteElo "2032"]
[BlackElo "1848"]
[PlyCount "48"]
[EventDate "2007.10.27"]
[EventType "swiss"]
[EventRounds "9"]
[EventCountry "FRA"]
[SourceTitle "EXT 2008"]
[Source "ChessBase"]
[SourceDate "2007.11.25"]
[SourceVersion "1"]
[SourceVersionDate "2007.11.25"]
[SourceQuality "1"]

1. d4 Nf6 2. Nf3 c5 3. d5 e6 4. c4 exd5 5. cxd5 d6 6. Nc3 Bf5 7. e4 Nxe4 8. Nxe4 Qe7 9. Bb5+ Kd8 10. 0-0 Bxe4 11. Ng5 a6 12. Re1 axb5 13. Rxe4 Qd7 14. Qf3 f6 15. Ne6+ Kc8 16. Bd2 Qf7 17. Rae1 b6 18. Ng5 Qd7 19. Re8+ Kb7 20. Nxh7 Na6 21. Nxf8 Qxe8 22. Rxe8 Rxe8 23. Ne6 Re7 24. Bf4 Rd8 1-0

[Event "FRA-ch U18"]
[Site "Le Grand Bornand"]
[Date "2007.04.10"]
[Round "4"]
[White "Bressac, Stephane"]
[Black "Le Duigou, Goulven"]
[Result "1-0"]
[WhiteElo "1931"]
[BlackElo "1830"]
[PlyCount "55"]
[EventDate "2007.04.07"]
[EventType "swiss"]
[EventRounds "9"]
[EventCountry "FRA"]
[SourceTitle "CBM 118 Extra"]
[Source "ChessBase"]
[SourceDate "2007.07.04"]
[SourceVersion "1"]
[SourceVersionDate "2007.07.04"]
[SourceQuality "1"]

1. e4 e5 2. Nf3 Nc6 3. Bc4 Nf6 4. d4 exd4 5. 0-0 d5 6. exd5 Na5 7. Qe1+ Be7 8. Qxa5 0-0 9. Bf4 b6 10. Qd2 Bb7 11. Nxd4 Bc5 12. Nc3 a6 13. Nb3 Bb4 14. Bg5 b5 15. Be2 Re8 16. Bf3 a5 17. Qd4 Bxc3 18. bxc3 Bc8 19. Bxf6 gxf6 20. Rfe1 Rxe1+ 21. Rxe1 Bf5 22. d6 Rc8 23. dxc7 Qxc7 24. Qxf6 Bg6 25. h4 a4 26. h5 Qd8 27. Qxd8+ Rxd8 28. Nd4 1-0

[Event "Morbihan-ch 0506"]
[Site "Arradon"]
[Date "2006.04.09"]
[Round "7"]
[White "Le Duigou, Goulven"]
[Black "Tonal, Jean Jacques"]
[Result "1/2-1/2"]
[WhiteElo "1620"]
[BlackElo "1600"]
[PlyCount "42"]
[EventDate "2005.10.01"]
[EventType "swiss"]
[EventRounds "7"]
[EventCountry "FRA"]
[SourceTitle "EXT 2007"]
[Source "ChessBase"]
[SourceDate "2006.11.23"]
[SourceVersion "1"]
[SourceVersionDate "2006.11.23"]
[SourceQuality "1"]

1. e4 c5 2. d3 Nc6 3. Nf3 g6 4. Nc3 Bg7 5. Bf4 d6 6. Be2 Nf6 7. 0-0 0-0 8. Re1 Bd7 9. Qd2 a6 10. a3 Rc8 11. Rab1 b5 12. Bh6 Bg4 13. Nd5 Nxd5 14. Bxg7 Kxg7 15. exd5 Bxf3 16. Bxf3 Ne5 17. Qf4 Nxf3+ 18. Qxf3 Qd7 19. Re2 Rce8 20. Rbe1 e6 21. Qg4 h5 1/2-1/2

[Event "Morbihan-ch 0506"]
[Site "Arradon"]
[Date "2005.10.01"]
[Round "1"]
[White "Le Duigou, Goulven"]
[Black "Fermen, Guy"]
[Result "0-1"]
[WhiteElo "1299"]
[BlackElo "1499"]
[PlyCount "108"]
[EventDate "2005.10.01"]
[EventType "swiss"]
[EventRounds "7"]
[EventCountry "FRA"]
[SourceTitle "EXT 2007"]
[Source "ChessBase"]
[SourceDate "2006.11.23"]
[SourceVersion "1"]
[SourceVersionDate "2006.11.23"]
[SourceQuality "1"]

1. e4 d6 2. d4 Nf6 3. Nc3 g6 4. Qf3 Bg4 5. Qd3 c6 6. f3 Bc8 7. Bg5 Bg7 8. Bxf6 Bxf6 9. d5 Qb6 10. 0-0-0 Bd7 11. dxc6 Nxc6 12. Qb5 Qe3+ 13. Kb1 Bxc3 14. bxc3 Qxc3 15. Qb2 Qxb2+ 16. Kxb2 0-0 17. Bb5 Rfc8 18. e5 a6 19. Bxc6 Rxc6 20. f4 Bf5 21. c3 Rac8 22. Ne2 b5 23. Nd4 Rxc3 24. Nxf5 Rc2+ 25. Ka1 gxf5 26. exd6 exd6 27. Rxd6 Rxg2 28. Rxa6 Rcc2 29. h4 Rh2 30. Rxh2 Rxh2 31. Rh6 Rf2 32. h5 Rxf4 33. Rb6 Rh4 34. h6 Kf8 35. Rxb5 f4 36. Rb4 f5 37. a4 Rg4 38. a5 f3 39. Rb8+ Kf7 40. Rb7+ Kg6 41. Rg7+ Kxh6 42. Rxg4 fxg4 43. a6 f2 44. a7 f1Q+ 45. Kb2 Qb5+ 46. Kc2 Qb7 47. Kd3 Qxa7 48. Ke4 Qa4+ 49. Ke3 Kg5 50. Kf2 Kf4 51. Kg2 Qb3 52. Kh2 Qc2+ 53. Kh1 Kg3 54. Kg1 Qg2# 0-1